000 00411nam a2200169Ia 4500
005 20250423094715.0
008 250422s9999 xx 000 0 und d
020 _a0- 471- 09757- 8
050 _aT 56 .M265/
100 _aJames S. Dyer
245 0 _aCases and readings
260 _bJohn Wiley & sons, inc.
260 _c1982
300 _a388 p
650 _aDecision making- case studies
942 _cBK
999 _c28047
_d28047